000 00566nam a22001937a 4500
003 LK-CoDNM
005 20241028152247.0
008 241025b |||||||| |||| 00| 0 eng d
040 _aLK-CoDNM
_dLK-CoDNM
_eLK-CoDNM
041 _asin
080 _aප්‍ර.ල
_b2
245 _aලංකා නාදය I
_b2 - කාණ්ඩය
_c24 - පත්‍රය
300 _a3P. ; 44 CM
650 _aප්‍ර.ල 2
650 _aරසකතා
650 _a2 - කාණ්ඩය
650 _a24 - පත්‍රය
942 _cBK
999 _c223901
_d223901